Bardzo trudne flagi świata QUIZ DLA GEOMEXA - Statystyki

Ogólne statystyki
  • Ten quiz został rozwiązany 146 razy
  • Średni wynik to 3 z 12
Statystyki odpowiedzi
Obrazkowy Odpowiedź % Poprawnych
Guam
99%
Mariany Północne
59%
Wyspy Dziewicze Stanów Zjednoczonych
35%
Benin
24%
Fryzja
21%
Lombardia
16%
Emirat Północnokaukaski
4%
Kickoo
3%
Imperius
2%
Cymanti
1%
Hoodrick
1%
Oumaji
1%
Nie znaleziono quizów pasujących do podanych kryteriów
Rozkład punktacji
Procent ludzi z każdym wynikiem
Percentyl według liczby udzielonych odpowiedzi
Twoja historia wyników
Nie rozwiązałeś tego quizu